| 000 | 00487nam a2200169Ia 4500 | ||
|---|---|---|---|
| 008 | 100122s9999 xx 000 0 und d | ||
| 082 |
_b4102 _a297 |
||
| 100 | _aROY M N | ||
| 245 | _aTHE HISTORICAL ROLE OF ISLAM | ||
| 260 |
_bVORA & COMPANY _c1937 |
||
| 300 | _a106 | ||
| 520 | _aमाळयाचर गठ्ठा- 4 | ||
| 620 | _aमाळयाचर गठ्ठा- 4 | ||
| 630 | _aTHE HISTORICAL ROLE OF ISLAM | ||
| 730 | _aTHE HISTORICAL ROLE OF ISLAM | ||
| 942 | _cBOOK | ||
| 999 |
_c443030 _d443027 |
||